000 01158cab a2200277 4500
001 ABS59533
008 090401t1998 xxu||||| |||| 00| 0 eng d
035 _a(Sirsi) u89158
041 _aeng
100 _aImrie, R.
245 _aDisability rights and wrongs
260 _c1998
350 _a0
490 _aCSM (Chartered Surveyor Monthly)
_v8(2) October 1998, 42-43(2)
520 _aReports on findings from an on-going research project on chartered surveyors` attitudes and practices to providing for disabled access in the UK. Whilst nearly all respondents believe that the property market should provide for more accessible buildings, few practices have any stated policy or training to deal with the issue.
650 _aATTITUDES
650 _aBUILDING REGULATIONS PART M
650 _aABOUT RICS-RICS MEMBERS
650 _aDISABILITY DISCRIMINATION ACT 1995
650 _aMANAGEMENT-BUSINESS MANAGEMENT-DISCRIMINATION-DISABILITY DISCRIMINATION-ACCESSIBILITY
650 _aFACILITIES MANAGEMENT
_96240
690 _aMANAGEMENT-BUSINESS MANAGEMENT-PROFESSIONAL PRACTICE
700 _aHall, P.
942 _n0
948 _c21/10/1998
999 _c56382
_d56382